| 000 | 00999nas a2200313 4500 | ||
|---|---|---|---|
| 001 | BR2018000208 | ||
| 003 | BR-BrBNA | ||
| 005 | 20231205131219.0 | ||
| 007 | ta | ||
| 008 | 230509b bl.|||p| |||| 00| 00por d | ||
| 040 |
_aBR-BrBNA _bpor _cBiblioteca Nacional de Agricultura |
||
| 041 | _a(En) | ||
| 072 | _aF04 | ||
| 100 | 1 | _aNunes, J.C. | |
| 100 | 1 | _aCavalcante, L.F. | |
| 100 | 1 | _aPereira, W.E. | |
| 100 | 1 | _aLima Neto, A.J. de | |
| 100 | 1 | _aSilva, J.A. da | |
| 100 | 1 | _aOliveira, F.F. de | |
| 245 | 1 | _aSeedlings of yellow passion fruit in soils degraded by salts treated with bovine biofertilizer | |
| 650 | _aMARACUJÁ | ||
| 650 | _aMUDA | ||
| 650 | _aSALINIDADE | ||
| 650 | _aBIOFERTILIZANTE | ||
| 773 | 0 |
_tCientífica. Revista de Ciências Agrárias (Brazil) _xISSN 1984-5529 _g(2016), v. 44(1) p. 91-101 _wBR2018000208 |
|
| 856 | 4 | 0 | _uhttp://cientifica.org.br/index.php/cientifica/article/view/772/480 |
| 909 |
_a202311 _bLúcia _c55 _dLúcia Elande |
||
| 942 |
_2AGRIS _n0 _cANA |
||
| 999 |
_c253608 _d253608 |
||